Countries which have reached top 10 in Fifa ranking - Statistics

General Stats
  • This quiz has been taken 143 times
  • The average score is 26 of 34
Answer Stats
Hint Answer % Correct
1 Jul 2008 Spain
98%
1 Mar 2007 Argentina
97%
1 Nov 1993 Italy
97%
1 Sep 1993 Brazil
96%
1 Aug 1993 Germany
94%
1 May 2001 France
93%
1 Aug 2011 Holland
93%
4 Feb 1998 Mexico
93%
4 Apr 2006 USA
93%
3 Apr 2010 Portugal
92%
3 Aug 2012 England
91%
2 Nov 1994 Sweden
90%
2 Jun 2012 Uruguay
89%
9 Feb 1998 Japan
88%
3 Apr 1996 Russia
86%
5 Oct 2013 Belgium
84%
3 Jul 2013 Colombia
84%
6 Apr 1998 Chile
83%
3 Aug 1993 Switzerland
83%
8 Apr 2008 Greece
82%
3 May 1997 Denmark
81%
5 Jun 2004 Turkey
76%
2 Oct 1993 Norway
73%
3 Jan 1999 Croatia
71%
8 Mar 2001 Paraguay
70%
6 Aug 1993 Ireland
68%
2 Sep 1999 Czech republic
63%
3 Sep 1997 Romania
58%
8 Jun 1995 Bulgaria
57%
5 Apr 1994 Nigeria
57%
9 Jul 2010 Egypt
54%
10 Apr 2013 Ecuador
53%
6 Dec 1998 Yugoslavia
33%
10 Apr 1998 Morocco
32%
No matching quizzes found
Score Distribution
Percent of People with Each Score
Percentile by Number Answered
Your Score History
You have not taken this quiz